Štvrtý kongres marxisticko-leninskej sociológie v NDR

Bibliographic Details
Main Author: Košla, Jozef (Author)
Format: Article
Language:Slovak
Subjects:

MARC

LEADER 00000nab a2200000 a 4500
001 vtls000235873
003 SK-MaSNL
005 20260304064849.0
008 250422c1985 xo 0 slo
015 |a SNBRB19rr/mm-uuuuu 
035 |a CL0245987 
035 |a urn:nbn:sk:snk-ab27ws 
035 |a (urnnbn)urn:nbn:sk:snk:ar-a01wnm 
035 |a (uuid)74328a6f-f1c3-4038-9108-24196f2716e6 
040 |a SNKBUCL  |b slo  |c SNKBUCL  |e AACR2 
041 0 |a slo 
044 |a xo  |c SK 
080 |a 301:141.82:061.3  |2 1981 
080 |a 141.82  |2 1981 
080 |a 061.3  |2 1981 
100 1 |a Košla, Jozef  |4 aut  |9 1348844 
245 1 0 |a Štvrtý kongres marxisticko-leninskej sociológie v NDR  |c Jozef Košla 
650 0 7 |a sociológia marxisticko-leninská  |2 snkbucl  |9 945018 
655 7 |a články z novín a časopisov  |2 snkbucl  |9 267496 
773 0 |t Sociológia  |g Roč. 17, č. 5 (1985), s. 569-572 
850 |a Slovenská národná knižnica 
852 |a Slovenská národná knižnica 
954 |a odborná, vedecká literatúra pôvodná (slovenská)  |2 lita 
958 |a article27 
958 |a RK 
958 |a DE 
958 |a OND 
958 |a EUIPO 
992 |a RBX 
999 |c 2748314  |d 2750244